MDQL
is popping MORE tags! Check the
thread
!
Quizzes
Events
Quiz Creation
Community
Videos
Private Events
Remove Ads
Sign In
Join for FREE
Feedback
Dark Mode
Quiz Categories
Sports
Geography
Music
Movies
Television
Just For Fun
Miscellaneous
History
Literature
Language
Science
Gaming
Entertainment
Religion
Holiday
For Kids
Quiz Lab
Recent
Popular Today
Quiz Kudos Today
Editor Picks
Curator Picks
Quizzes by...
Day
Popularity
Type
Ratings
Length
Year
Community
Subscriptions
Recent Discussions
Orange Saloon
Badges
Playlists
Quests
Create
Leaderboards
Showdown
Live 5
Trivia Bingo
Activity
Puzzle Library
Sporcle Events
Private Events
Virtual Trivia
Globe League
Become a Host
Pub Owners
SporcleCon
Opinionation
Our Games
Videos
Blog
Mobile Apps
Partnerships
Remove Ads and Go Orange
Feedback
Television
TV Characters
TV Show
Sitcom
Network
Friends
Reality Shows
Cast
South Park
Star Trek
The Simpsons
Doctor Who
Television
TV Characters
TV Show
Sitcom
Network
Friends
Reality Shows
Cast
South Park
Star Trek
The Simpsons
Doctor Who
Random Quiz
Search Sporcle
×
Quiz Lab
Quiz Lab
Television
episode
Type in answers that appear in a list
Type in answers that appear in a list
Classic
Best Score? Go Orange.
Human Wrecking Balls Season 1 Stats
Can you name the things that the Pumphrey brothers broke in Human Wrecking Balls Season 1?
By
jeff124
3m
10 Questions
10 Plays
10 Plays
10 Plays
Comments
Comments
Give Quiz Kudos
Give Quiz Kudos
-
- Ratings
hide this ad
Replay
Link that replays current quiz
Next Quiz
Link to next quiz in quiz playlist
You Got
0%
They Got
Avg Score
45%
Avg Friend Score
Upgrade to see
Score Distribution
Jump to the score distribution portion of the page
Score
0/10
Timer
03:00
0
Plays Today
Episode
They broke a
% Correct
Episode 1
Pontiac Firebird
70%
Episode 6
Office
70%
Episode 3
1972 Cessna
50%
Episode 7
Sailboat
50%
Episode 8
Movie theater
50%
Episode 5
Three Little Pigs houses
40%
Episode 10
Bar
40%
Episode 2
Hotel room
30%
Episode 9
Bowling alley
30%
Episode 4
Manufactured home
20%
Quiz Playlist
Details
Report
Send in Message
Add To Playlist
Classic:
Type in answers that appear in a list
Quiz Source
Last Updated: Feb 16, 2017
Quiz Scoreboard
CHALLENGE
Sign Up to Join the Scoreboard
Show All
Scores
Hide
Comments
May contain spoilers
Recently Published
Colored Red Africa Blitz
by spor1
Geography
30s
Find the 'City' Movie
by crazypaving
Movies
60s
5x2 Blitz: Bands
by SL_Kpop136
Music
30s
More to Explore
Quiz From the Vault
Featured Blog Post
14 Easter Pick-up Lines to Find Eggs With
hide this ad
You Might Also Like...
Tags
ball
break
broke
Brother
episode
Human
season
Wrecking
Today's Top Quizzes in Television
Browse Television
hide this ad
Today's Top Quizzes in episode
Browse episode
Top Contributed Quizzes in Television
1
Survivor Journey Challenge
2
Brooklyn Nine Nine Logic Puzzle (How-To-Play)
3
Phoebe Buffay Quotes
4
Survivor Trivia
5
Survivor Logic Puzzle: Heroes vs. Villains
6
One Tree Hill Logic Puzzle
7
Survivor Heroes vs. Villains Logic Puzzle
8
All US Survivor Seasons in Order
9
Game of Thrones: Tywin Lannister Start to Finish
10
Emmerdale Characters (from August 2012)
Explore More
Trending Topics
Anime
Disney
Kpop
Crossword
Marvel
Harry Potter
NBA
Song
WWE
NFL
Country
Pokémon
Soccer
The Office
Puzzle
hide this ad
More By:
jeff124
Quiz
Plays
Rating
Category
Featured
Created
Eminem's Greatest Hits
1,769
5.00
Music
Dec 2, 2009
AVN Female Performers of the Year
346
5.00
Entertainment
Dec 3, 2009
Human Wrecking Balls Season 1
10
5.00
Television
Dec 2, 2009
Go to Creator's Profile
Score Distribution
Quiz Creator Spotlight
jeff124
Follow
Send a Message
Quizzes Created
-
Created Quiz Play Count
-
More By This Creator
Popular Quizzes Today
1
Colored Red Africa Blitz
2
Find the 'City' Movie
3
5x2 Blitz: Bands
4
Find the US States - No Outlines Minefield
5
The Countries of the World
6
Find the US States
7
US States
8
Find the Countries of Europe - No Outlines Minefield
More Television Quizzes
Television Revivals
Published
Trending Quizzes
Colored Red Europe Blitz I
Colored Red Europe Blitz II
Colored Red Africa Blitz II
Colored Red Europe Blitz III
Colored Red Africa Blitz III
Recently Updated
How Do You Spell That?
pecheneg
Godzilla Movies
pecheneg
Grab Bag: 4-10 Letters
pecheneg
2024 March Madness Bracket
pecheneg
Famous TV Couples
Peacemaker
Champions League XIs: Real Madrid
pecheneg
Largest US Cities 1790-2010
pecheneg
Rides in Walt Disney World
pecheneg
Most Oscar Losses (Acting)
pecheneg
Beyoncé Albums
pecheneg
Trending Topics
NBA
Anime
Disney
Kpop
Harry Potter
Marvel
Crossword
Country
NFL
WWE
Song
The Office
Puzzle
Pokémon
Soccer
Your Account Isn't Verified!
In order to create a playlist on Sporcle, you need to verify the email address you used during registration. Go to your
Sporcle Settings
to finish the process.
Report this User
Report this user for behavior that violates our
Community Guidelines
.
Details:
Send Report
Go to the Sporcle.com Mobile Site →
Comments